Guess the Harry Styles song with no hints #9 - Statistics

General Stats
  • This quiz has been taken 95 times
  • The average score is 142 of 234
Answer Stats
Answer % Correct
a
100%
I
100%
you
98%
the
88%
And
87%
and
87%
it
87%
it,
87%
me
85%
your
85%
so
78%
go
77%
you're
77%
in,
75%
in
75%
on
75%
don't
72%
I'm
68%
know
68%
just
67%
It's
65%
that
63%
like
62%
if
60%
of
60%
(Ooh,
58%
want
58%
could
55%
(Eh-eh-eh)
55%
sugar
53%
(Sugar)
53%
Watermelon
53%
Baby,
52%
ever
52%
high
50%
out
50%
summer
48%
taste
48%
without
48%
evenin'
47%
wanna
47%
strawberries
45%
Strawberries
45%
feelin'
43%
Tastes
43%
belly
42%
more
42%
song
42%
sounds
40%
berries
38%
Breathe
38%
breathe
38%
loud
38%
thinking
38%
yeah)
38%
wonderful
37%
warm
35%
end
32%
June
32%
away
27%
Getting
25%
washed
23%
No matching quizzes found
Score Distribution
Percent of People with Each Score
Percentile by Number Answered
Your Score History
You have not taken this quiz